Sports Quiz

Random Sports or NHL Quiz

Top 10 Chicago Blackhawks Points All-Time Quiz Stats

 Plays Quiz not verified by Sporcle

Score 0/10 Timer 10:00
0 Plays Today
Rank Player % Correct
4Patrick Kane
98.7%
7Jonathan Toews
98.7%
1Stan Mikita
97.4%
2Bobby Hull
97.4%
8Dennis Hull
97.4%
3Denis Savard
94.8%
10Jeremy Roenick
81.8%
5Steve Larmer
71.4%
6Doug Wilson
55.8%
9Pit Martin
27.3%

You're not logged in!

Compare scores with friends on all Sporcle quizzes.
OR
Log In

Sporcle TV

Today on Sporcle TV


Watch our educational content, quiz creation guides, and fun videos on Sporcle TV.

Show Comments

Extras

Top Quizzes Today


Score Distribution

Your Account Isn't Verified!

In order to create a playlist on Sporcle, you need to verify the email address you used during registration. Go to your Sporcle Settings to finish the process.

Report this User

Report this user for behavior that violates our Community Guidelines.

Details: